[Event "FIDE World Rapid Team"]
[Site "London ENG"]
[Date "2025.06.11"]
[Round "2.1"]
[White "Wu, Li"]
[Black "Skytte, Rasmus"]
[Result "0-1"]
[WhiteTitle "FM"]
[BlackTitle "IM"]
[WhiteElo "2278"]
[BlackElo "2367"]
[WhiteTeam "Chess Rising Stars"]
[BlackTeam "Danish Futures"]
[WhiteFideId "411086"]
[BlackFideId "1404210"]
[EventDate "2025.06.11"]
[EventType "team"]

1. c4 e6 2. Nc3 d5 3. d4 c5 4. cxd5 cxd4 5. Qa4+ Bd7 6. Qxd4 exd5 7. Qxd5 Nf6 8.
Qd1 Bc5 9. Nf3 Nc6 10. e3 O-O 11. Be2 Qe7 12. O-O Rfd8 13. Bd2 Ne5 14. Qc2 Bc6
15. Rfd1 Nfg4 16. Nxe5 Nxe5 17. Ne4 Bb6 18. Bc3 Ng4 19. Bxg4 Bxe4 20. Qe2 Bg6
21. Bf3 Bc5 22. Qb5 Bb6 23. a4 Rab8 24. a5 Bc7 25. Rxd8+ Qxd8 26. Rd1 Qc8 27.
Qd7 b6 28. Qd4 Qf8 29. a6 h5 30. g3 Rd8 31. Bd5 Kh7 32. Kg2 f6 33. Qc4 Qe7 34.
e4 b5 35. Qc6 Bb6 36. f3 h4 37. Qxb5 Qc7 38. Qe2 Qc8 39. gxh4 Qc7 40. Be1 Qc5
41. Bf2 Qb4 42. Bxb6 Qxb6 43. Qf2 Qc7 44. Qg3 Qc2+ 45. Qf2 Qxd1 46. Qxa7 Rc8 47.
Qe3 Rc2+ 48. Kg3 Re2 49. Qc5 Qe1+ 50. Kg4 Rg2+ 51. Kh3 Qe2 0-1

[Event "FIDE World Rapid Team"]
[Site "London ENG"]
[Date "2025.06.11"]
[Round "2.2"]
[White "Kistrup, Nicolai"]
[Black "Cumming, Rhys"]
[Result "0-1"]
[WhiteTitle "IM"]
[BlackTitle "FM"]
[WhiteElo "2381"]
[BlackElo "2285"]
[WhiteTeam "Danish Futures"]
[BlackTeam "Chess Rising Stars"]
[WhiteFideId "1444816"]
[BlackFideId "470163"]
[EventDate "2025.06.11"]
[EventType "team"]

1. e4 e5 2. Nf3 Nc6 3. Bc4 Nf6 4. d3 Bc5 5. c3 O-O 6. O-O d5 7. exd5 Nxd5 8. a4
a5 9. Re1 Bg4 10. h3 Bh5 11. Nbd2 Nb6 12. Bb5 Bd6 13. Ne4 Na7 14. Ng3 Bg6 15. d4
exd4 16. Qxd4 Nxb5 17. axb5 Bxg3 18. fxg3 Qxd4+ 19. Nxd4 Rfe8 20. Rxe8+ Rxe8 21.
Bf4 Nd5 22. Rxa5 h6 23. Kf2 Bd3 24. Ra7 g5 25. Bc1 c5 26. bxc6 bxc6 27. Ra5 Nf6
28. Kf3 Re1 29. Bd2 Be4+ 30. Kf2 Rb1 31. b4 Rb2 32. Ke1 Bxg2 33. h4 Ne4 34. Be3
Rb1+ 35. Ke2 Nxc3+ 36. Kf2 Rb2+ 37. Ke1 Bd5 38. hxg5 hxg5 39. Ra8+ Kh7 40. Rb8
Ne4 41. Rc8 Nxg3 42. Bxg5 Rb1+ 43. Kd2 Ne4+ 44. Kc2 Rxb4 45. Be3 Ra4 46. Rb8 Ra3
47. Bf4 Ra4 48. Nf5 Nf6 49. Be5 Be4+ 50. Kb3 Ra5 51. Bxf6 Rxf5 52. Bd4 Bd5+ 53.
Kb4 Rf3 54. Kc5 Kg6 55. Kd6 Kf5 56. Re8 Rf4 57. Be5 Re4 58. Rh8 f6 59. Ba1 Re6+
60. Kc5 Kg6 61. Rf8 Be4 62. Bd4 Kg7 63. Rd8 Kf7 64. Rd6 Bd5 65. Bc3 Rxd6 66.
Kxd6 Kg6 67. Kc5 Kg5 68. Kd4 Kf4 69. Kd3 f5 70. Ke2 Ke4 71. Bb4 Bc4+ 72. Kd2 Bb5
73. Bc5 Kd5 74. Bg1 c5 75. Ke3 Kc4 76. Kd2 f4 77. Bh2 f3 78. Bg1 Kb4 79. Kc2 Bc6
80. Bf2 Be4+ 81. Kd2 Bc6 82. Bg1 c4 83. Bd4 Kb3 84. Kc1 c3 85. Bf2 Kc4 86. Kd1
Kd3 87. Bb6 Ba4+ 88. Kc1 Ke2 0-1

[Event "FIDE World Rapid Team"]
[Site "London ENG"]
[Date "2025.06.11"]
[Round "2.4"]
[White "Skytte, Robert"]
[Black "Tsaknakis, Zisis"]
[Result "0-1"]
[WhiteTitle "CM"]
[BlackTitle "FM"]
[WhiteElo "2015"]
[BlackElo "2333"]
[WhiteTeam "Danish Futures"]
[BlackTeam "Chess Rising Stars"]
[WhiteFideId "1471775"]
[BlackFideId "4259963"]
[EventDate "2025.06.11"]
[EventType "team"]

1. e4 e5 2. Nf3 Nc6 3. Bc4 Nf6 4. Ng5 d5 5. exd5 Na5 6. d3 h6 7. Nf3 e4 8. Nd4
Nxd5 9. O-O Nf6 10. Be3 Nxc4 11. dxc4 Be7 12. Nc3 O-O 13. h3 c6 14. Qe2 Qc7 15.
Rfe1 Bd7 16. Qd2 Rfe8 17. Bf4 Bd6 18. Bxd6 Qxd6 19. Rad1 Rad8 20. Qe3 Qc5 21.
Qf4 Qxc4 22. Nxe4 Nxe4 23. Rxe4 Rxe4 24. Qxe4 Be6 25. b3 Qd5 26. Qxd5 Rxd5 27.
Rd3 Bd7 28. Kf1 c5 29. Nf3 Bb5 30. Ne1 Bxd3+ 31. Nxd3 c4 32. bxc4 Ra5 33. Nc1
Rc5 34. Ke2 Rxc4 35. Kd3 Rc7 36. Ne2 Rc5 37. c4 b5 38. cxb5 Rxb5 39. Kc4 Rb2 40.
Nc3 Rxf2 41. a4 Kf8 42. Nb5 Rf4+ 43. Kb3 a5 44. Nd6 Rb4+ 45. Ka3 Ke7 46. Nb5 f5
47. Nc7 Kd6 48. Na6 Rb6 0-1

[Event "FIDE World Rapid Team"]
[Site "London ENG"]
[Date "2025.06.11"]
[Round "2.5"]
[White "Bird, Joel"]
[Black "Derlich, Sarah Sima"]
[Result "1-0"]
[BlackTitle "WCM"]
[WhiteElo "1987"]
[BlackElo "1926"]
[WhiteTeam "Chess Rising Stars"]
[BlackTeam "Danish Futures"]
[WhiteFideId "429252"]
[BlackFideId "1469290"]
[EventDate "2025.06.11"]
[EventType "team"]

1. e4 c5 2. Nf3 d6 3. d4 cxd4 4. Nxd4 Nf6 5. Nc3 a6 6. f3 e5 7. Nb3 Be6 8. Be3
h5 9. Nd5 Nxd5 10. exd5 Bf5 11. Bd3 Qd7 12. O-O Be7 13. a4 O-O 14. a5 Rc8 15. c4
h4 16. h3 Bxd3 17. Qxd3 Qd8 18. Nd2 Nd7 19. b4 Bg5 20. f4 exf4 21. Bxf4 Bxf4 22.
Rxf4 Ne5 23. Qd4 Qg5 24. Raf1 Rc7 25. c5 dxc5 26. bxc5 Re8 27. Ne4 Qg6 28. Nd6
Ree7 29. Nf5 Re8 30. Kh1 Kf8 31. d6 Rd7 32. Re1 Nc6 33. Rxe8+ Kxe8 34. Qe4+ Kd8
35. Rg4 Qf6 36. Rxg7 Kc8 37. Rg8+ Nd8 38. c6 bxc6 39. Qxc6+ Kb8 40. Qb6+ Ka8 41.
Qxa6+ Kb8 42. Qb6+ Ka8 43. Qc6+ Kb8 44. Qxd7 Qa1+ 45. Kh2 Qe5+ 46. Ng3 hxg3+ 47.
Rxg3 Ne6 48. Qe8+ Kb7 49. Qe7+ Ka6 50. d7 Qc7 51. Qxf7 Nc5 52. Qf6+ 1-0

[Event "FIDE World Rapid Team"]
[Site "London ENG"]
[Date "2025.06.11"]
[Round "2.6"]
[White "Andries, Leia"]
[Black "Kennedy, Aden"]
[Result "0-1"]
[WhiteElo "1830"]
[BlackElo "1950"]
[WhiteTeam "Danish Futures"]
[BlackTeam "Chess Rising Stars"]
[WhiteFideId "1469207"]
[BlackFideId "343401015"]
[EventDate "2025.06.11"]
[EventType "team"]

1. e4 g6 2. d4 Bg7 3. Nc3 c5 4. dxc5 Qa5 5. Bd2 Qxc5 6. Nf3 Nf6 7. Bd3 O-O 8.
O-O d6 9. h3 Qc7 10. Be3 Nc6 11. Qd2 Be6 12. Nb5 Qd8 13. Nbd4 Bd7 14. c3 Rc8 15.
Rfe1 Qc7 16. Bg5 a6 17. Rad1 b5 18. Nxc6 Bxc6 19. Nd4 Bb7 20. Bc2 Rfd8 21. Rc1
Rd7 22. Bf4 e5 23. Bg5 exd4 24. cxd4 Qb6 25. Rcd1 Rdc7 26. Bb1 Re8 27. f3 Nd7
28. Be3 Rcc8 29. d5 Qd8 30. b4 Ne5 31. Bd4 Qh4 32. Bf2 Qe7 33. Qe2 Rc4 34. a3
Rec8 35. Qa2 Qg5 36. Kh1 Qh5 37. Kg1 Rc3 38. Bd4 R3c4 39. Bf2 Qg5 40. Kh1 Rc1
41. Kh2 R1c3 42. Bd4 Rxf3 43. gxf3 Nxf3+ 44. Kh1 Nxd4 45. Qf2 Rc3 46. Rxd4 Rxh3+ 0-1

[Event "FIDE World Rapid Team"]
[Site "London ENG"]
[Date "2025.06.11"]
[Round "2.1"]
[White "Gallana, Marco"]
[Black "Orozbaev, Eldiyar"]
[Result "0-1"]
[BlackTitle "IM"]
[WhiteElo "2215"]
[BlackElo "2367"]
[WhiteTeam "Hammersmith Chess Club"]
[BlackTeam "Noval Group Kyrgyzstan"]
[WhiteFideId "824542"]
[BlackFideId "13802240"]
[EventDate "2025.06.11"]
[EventType "team"]

1. Nf3 d5 2. e3 Nf6 3. c4 c6 4. Nc3 e6 5. b3 Bd6 6. Bb2 Nbd7 7. Rc1 a5 8. Be2
Qe7 9. O-O O-O 10. Qc2 Rd8 11. Rfe1 Nc5 12. h3 Bd7 13. Bf1 Bc8 14. Be2 Bd7 15.
Bf1 Be8 16. Nd4 Rac8 17. cxd5 cxd5 18. Ndb5 Bb8 19. Ba3 Qd7 20. Qb2 e5 21. d4
Nce4 22. Na4 Qe6 23. dxe5 Bxe5 24. Nd4 Bxa4 25. bxa4 Bxd4 26. Qxd4 Nd6 27. Red1
Nf5 28. Qf4 h6 29. Bb2 Ne4 30. Qe5 Rxc1 31. Rxc1 Qg6 32. Rd1 Nh4 33. Qf4 Ng5 34.
Kh1 Qc2 35. Qd4 Nf5 36. Qd2 Qxa4 37. Bd3 Ne4 38. Bxe4 Qxe4 39. Qxa5 Rd6 40. Qc3
Rg6 41. f3 Ng3+ 42. Kh2 Qh4 43. Qe5 Ne2 44. Rf1 Kh7 45. Qf5 Qg3+ 46. Kh1 Qxg2# 0-1

[Event "FIDE World Rapid Team"]
[Site "London ENG"]
[Date "2025.06.11"]
[Round "2.2"]
[White "Degenbaev, Aziz"]
[Black "Hill, Alistair"]
[Result "1-0"]
[WhiteTitle "FM"]
[WhiteElo "2286"]
[BlackElo "2178"]
[WhiteTeam "Noval Group Kyrgyzstan"]
[BlackTeam "Hammersmith Chess Club"]
[WhiteFideId "13802640"]
[BlackFideId "432407"]
[EventDate "2025.06.11"]
[EventType "team"]

1. e4 c6 2. d4 d5 3. Nd2 dxe4 4. Nxe4 Bf5 5. Ng3 Bg6 6. h4 h6 7. Nf3 Nd7 8. h5
Bh7 9. Bd3 Bxd3 10. Qxd3 e6 11. Bd2 Ngf6 12. O-O-O Be7 13. Kb1 O-O 14. Ne4 c5
15. g4 Nxg4 16. Qe2 f5 17. Nxc5 Nxc5 18. dxc5 Qc8 19. Nd4 Bxc5 20. Qxe6+ Kh8 21.
Be1 Bxd4 22. Qxc8 Raxc8 23. Rxd4 Rfd8 24. Rxd8+ Rxd8 25. Kc1 Kg8 26. f3 Nf6 27.
Bc3 Kf7 28. Be5 Rd5 29. f4 Ng4 30. Bc3 Nf6 31. b3 Rd7 32. Kb2 Re7 33. a4 Re4 34.
Be5 Nd7 35. Bc7 a6 36. Rd1 Nf6 37. Be5 b5 38. a5 Nxh5 39. Rd7+ Kf8 40. Ra7 Nxf4
41. Bxg7+ Ke8 42. Rxa6 Ne6 43. Bxh6 f4 44. Rd6 f3 45. a6 f2 46. a7 Nc7 47. Rf6
Re2 48. Bg5 Kd7 49. Bh4 Kc8 50. Bxf2 Kb7 51. Rf7 Re8 52. Bg3 1-0

[Event "FIDE World Rapid Team"]
[Site "London ENG"]
[Date "2025.06.11"]
[Round "2.3"]
[White "Stewart, Ashley"]
[Black "Zhakshylykov, Erzhan"]
[Result "0-1"]
[BlackTitle "IM"]
[WhiteElo "2093"]
[BlackElo "2362"]
[WhiteTeam "Hammersmith Chess Club"]
[BlackTeam "Noval Group Kyrgyzstan"]
[WhiteFideId "419001"]
[BlackFideId "13804111"]
[EventDate "2025.06.11"]
[EventType "team"]

1. d4 Nf6 2. c4 e6 3. g3 d5 4. Bg2 Bb4+ 5. Nd2 O-O 6. Nf3 b6 7. O-O Bb7 8. a3
Be7 9. cxd5 exd5 10. Ne5 Nbd7 11. Ndf3 Ne4 12. Qa4 Ndf6 13. Nc6 Qe8 14. Nxe7+
Qxe7 15. Bf4 c5 16. dxc5 bxc5 17. Rac1 Rfc8 18. b4 d4 19. bxc5 Nc3 20. Rxc3 dxc3
21. Be3 Nd5 22. Bd4 Qxe2 23. Re1 Qa2 24. Qd7 Bc6 25. Qg4 f6 26. Qe6+ Kh8 27. Qf7
Re8 28. Rc1 Nb4 29. Qxa2 Nxa2 30. Bxc3 Nxc1 0-1

[Event "FIDE World Rapid Team"]
[Site "London ENG"]
[Date "2025.06.11"]
[Round "2.4"]
[White "Sharshenbekov, Emir"]
[Black "Hanache, Kai"]
[Result "0-1"]
[WhiteTitle "CM"]
[WhiteElo "2091"]
[BlackElo "2149"]
[WhiteTeam "Noval Group Kyrgyzstan"]
[BlackTeam "Hammersmith Chess Club"]
[WhiteFideId "13810634"]
[BlackFideId "490105"]
[EventDate "2025.06.11"]
[EventType "team"]

1. e4 c5 2. Nf3 d6 3. Bb5+ Bd7 4. Bxd7+ Nxd7 5. O-O Ngf6 6. d3 e6 7. c4 Be7 8.
Nc3 O-O 9. Rb1 a6 10. a3 Qc7 11. Bd2 Ne5 12. Qe2 Rab8 13. b4 b5 14. bxc5 Nxf3+
15. Qxf3 bxc4 16. Rxb8 Rxb8 17. d4 e5 18. cxd6 Bxd6 19. d5 Bxa3 20. g4 Rb3 21.
Re1 Bb4 22. Re3 Bc5 23. Re1 Bd4 24. Rc1 a5 25. Qe2 h6 26. Kg2 Rb2 27. Nd1 Ra2
28. Qe1 Nxe4 29. Bxa5 Qxa5 30. Qxe4 c3 31. d6 Qd8 32. Nxc3 Rxf2+ 33. Kg3 f5 34.
Qd5+ Kh7 35. Ne4 f4+ 36. Kh3 Qh4+ 0-1

[Event "FIDE World Rapid Team"]
[Site "London ENG"]
[Date "2025.06.11"]
[Round "2.5"]
[White "Aryaman Ganguly"]
[Black "Lesbekova, Assel"]
[Result "1-0"]
[BlackTitle "WCM"]
[WhiteElo "1826"]
[BlackElo "1948"]
[WhiteTeam "Hammersmith Chess Club"]
[BlackTeam "Noval Group Kyrgyzstan"]
[WhiteFideId "25981226"]
[BlackFideId "13713248"]
[EventDate "2025.06.11"]
[EventType "team"]

1. e4 c5 2. Nf3 a6 3. d4 cxd4 4. Nxd4 e5 5. Nf3 Nf6 6. Nc3 Bb4 7. Bd3 d5 8. Nd2
Bg4 9. f3 Be6 10. Qe2 Nc6 11. exd5 Bxd5 12. O-O Be6 13. Nde4 Nxe4 14. Nxe4 Nd4
15. Qf2 Be7 16. Be3 Nf5 17. Nc5 Nxe3 18. Nxe6 Qb6 19. Nxg7+ Kf8 20. Nf5 Bc5 21.
b4 Bd4 22. Nxd4 exd4 23. Rfe1 Rg8 24. g3 Rc8 25. Rab1 h5 26. Rb3 h4 27. c3 hxg3
28. hxg3 Qd6 29. f4 Rh8 30. Be4 f5 31. Bf3 Kg7 32. cxd4 Nc2 33. Rd1 Nxb4 34. d5
a5 35. a3 Nc2 36. Rxb7+ Rc7 37. Rxc7+ Qxc7 38. Rc1 Rc8 39. Bd1 Qd6 40. Rxc2 Rh8
41. Qa7+ 1-0

[Event "FIDE World Rapid Team"]
[Site "London ENG"]
[Date "2025.06.11"]
[Round "2.1"]
[White "Derakhshani, Borna"]
[Black "Sava, Robert-Gabriel"]
[Result "0-1"]
[WhiteTitle "FM"]
[BlackTitle "CM"]
[WhiteElo "2348"]
[BlackElo "2121"]
[WhiteTeam "Wood Green Youth"]
[BlackTeam "xChess.AI"]
[WhiteFideId "12518450"]
[BlackFideId "1265725"]
[EventDate "2025.06.11"]
[EventType "team"]

1. Nf3 Nf6 2. c4 e6 3. e3 d5 4. b3 c6 5. Bb2 Bd6 6. Be2 O-O 7. O-O Nbd7 8. Nc3
b6 9. cxd5 exd5 10. Rc1 Re8 11. Nd4 Bb7 12. Nf5 Bf8 13. d4 g6 14. Ng3 h5 15. Bf3
Bg7 16. Re1 h4 17. Nge2 Ne4 18. Nf4 Ndf6 19. h3 Rc8 20. Nd3 Ng5 21. Be2 Ba6 22.
Ne5 Bxe2 23. Nxe2 c5 24. dxc5 bxc5 25. Nf4 Nge4 26. Qe2 Qd6 27. Nf3 g5 28. Nd3
Nd7 29. Bxg7 Kxg7 30. Qb2+ Qf6 31. Red1 Qxb2 32. Nxb2 Ndf6 33. Rc2 Re6 34. Na4
Ra6 35. Ne5 c4 36. f3 Nd6 37. Nc3 cxb3 38. axb3 Nb5 39. Rdc1 Nxc3 40. Rxc3 Rxc3
41. Rxc3 Ra1+ 42. Kf2 Ra2+ 43. Kf1 Ra1+ 44. Ke2 Ra2+ 45. Ke1 Rxg2 46. Rc7 Nh5
47. Rxf7+ Kg8 48. Rxa7 Ng3 49. Ng4 Rb2 50. Rb7 Rb1+ 51. Kd2 Rh1 52. b4 Rxh3 53.
b5 Rh1 54. b6 Rb1 55. Kc2 Rb5 56. Nf2 Nf5 57. Rb8+ Kg7 58. Rb7+ Kg8 59. Rb8+ Kg7
60. Rb7+ Kg8 61. Rb8+ Kg7 62. Rb7+ Kg6 63. Ng4 d4 64. exd4 Nxd4+ 65. Kd3 Nxf3
66. Rb8 Kf5 67. Ne3+ Kf4 68. b7 Kg3 69. Kc4 Rb1 70. Nd5 h3 71. Nb4 Ne5+ 0-1

[Event "FIDE World Rapid Team"]
[Site "London ENG"]
[Date "2025.06.11"]
[Round "2.2"]
[White "Rusu, Lucas"]
[Black "Balaji, Aaravamudhan"]
[Result "0-1"]
[BlackTitle "IM"]
[WhiteElo "2038"]
[BlackElo "2346"]
[WhiteTeam "xChess.AI"]
[BlackTeam "Wood Green Youth"]
[WhiteFideId "42206472"]
[BlackFideId "436224"]
[EventDate "2025.06.11"]
[EventType "team"]

1. e4 e5 2. Nf3 Nc6 3. Nc3 Nf6 4. d4 exd4 5. Nxd4 Bb4 6. Nxc6 bxc6 7. Bd3 O-O 8.
O-O d5 9. exd5 cxd5 10. h3 c6 11. Qf3 Rb8 12. Bf4 Bd6 13. b3 Rb7 14. Rad1 Bxf4
15. Qxf4 Re7 16. Qd4 Rfe8 17. Na4 Qd6 18. Qc3 Ne4 19. Bxe4 Rxe4 20. Nc5 Re2 21.
Rde1 h6 22. Rxe2 Rxe2 23. Nd3 Bf5 24. Nb4 Be4 25. Rd1 Qf4 26. Rf1 Qg5 27. g3 Qf5
28. g4 Qf4 29. Na6 Rxc2 30. Qe3 Qxe3 31. fxe3 Rg2+ 32. Kh1 Rxg4+ 33. Kh2 Rg2+
34. Kh1 Rf2+ 35. Kg1 Rxf1+ 36. Kxf1 Bd3+ 37. Ke1 Bxa6 38. b4 g5 39. Kd2 Bc8 40.
Kc3 Bxh3 41. Kd4 g4 42. e4 dxe4 43. Kxe4 f5+ 44. Kf4 h5 45. Kg3 Kf7 46. a4 Bf1
47. a5 Kf6 48. Kf4 h4 49. Ke3 Ke5 50. Kf2 Bb5 51. Kg2 Kf4 52. Kf2 h3 53. Kg1 Ke3
54. a6 Bxa6 55. Kh2 c5 56. bxc5 Bb7 57. Kg3 f4+ 58. Kh2 Kf2 59. c6 Bc8 60. c7
g3+ 0-1

[Event "FIDE World Rapid Team"]
[Site "London ENG"]
[Date "2025.06.11"]
[Round "2.3"]
[White "Haydon, David L"]
[Black "Badescu, Matei-Andrei"]
[Result "1-0"]
[WhiteTitle "FM"]
[WhiteElo "2284"]
[BlackElo "1947"]
[WhiteTeam "Wood Green Youth"]
[BlackTeam "xChess.AI"]
[WhiteFideId "415405"]
[BlackFideId "42213096"]
[EventDate "2025.06.11"]
[EventType "team"]

1. Nf3 d5 2. e3 Nf6 3. c4 c6 4. b3 Bf5 5. Bb2 Bxb1 6. Qxb1 e6 7. Be2 Be7 8. O-O
O-O 9. Qc2 Nbd7 10. Rac1 Bd6 11. d3 Re8 12. Nd4 Rc8 13. a3 a5 14. Rfd1 Qe7 15.
cxd5 exd5 16. Nf5 Qf8 17. Nxd6 Qxd6 18. Bc3 Ra8 19. Qb2 a4 20. b4 Re6 21. Bd4 h6
22. Rc2 Ne5 23. h3 Ned7 24. Rdc1 Rc8 25. Rc3 Ne8 26. Qc2 Ra8 27. Bg4 Rg6 28. b5
Ndf6 29. Bf3 Qd7 30. Kf1 cxb5 31. Rc8 Rxc8 32. Qxc8 Qxc8 33. Rxc8 Kh7 34. Be5 h5
35. Be2 Rh6 36. d4 g6 37. Bxb5 Ng7 38. Bxf6 1-0

[Event "FIDE World Rapid Team"]
[Site "London ENG"]
[Date "2025.06.11"]
[Round "2.4"]
[White "Sava, Christiansen-Danut-Eugen"]
[Black "Waldhausen Gordon, Frederick"]
[Result "0-1"]
[WhiteTitle "FM"]
[BlackTitle "FM"]
[WhiteElo "2002"]
[BlackElo "2395"]
[WhiteTeam "xChess.AI"]
[BlackTeam "Wood Green Youth"]
[WhiteFideId "1210114"]
[BlackFideId "2409143"]
[EventDate "2025.06.11"]
[EventType "team"]

1. d4 d5 2. Nf3 Nf6 3. e3 g6 4. Bd3 Bg7 5. O-O O-O 6. Nbd2 c5 7. c3 Nbd7 8. Qe2
b6 9. e4 dxe4 10. Nxe4 cxd4 11. Nxd4 Bb7 12. Re1 e5 13. Nb3 Nxe4 14. Bxe4 Qc7
15. Bg5 Rae8 16. Rad1 h6 17. Bc1 Nf6 18. Bxb7 Qxb7 19. Rd6 Kh7 20. Red1 Re7 21.
f3 e4 22. f4 e3 23. Bxe3 Rfe8 24. R6d3 Qa6 25. Nc1 Qa4 26. b3 Qe4 27. Qd2 Ng4
28. Bf2 Qc6 29. h3 Nxf2 30. Kxf2 Qc5+ 31. Kf1 Re4 32. b4 Qc4 33. Kg1 Rxf4 34.
Ne2 Rfe4 35. Nd4 Re1+ 36. Rxe1 Rxe1+ 37. Qxe1 Qxd3 38. Ne2 Be5 39. Qf1 Kg7 40.
Qe1 a5 41. a4 Bd6 42. bxa5 bxa5 43. Nd4 Bg3 44. Qc1 Qe4 45. Qd2 Qb1+ 0-1

[Event "FIDE World Rapid Team"]
[Site "London ENG"]
[Date "2025.06.11"]
[Round "2.5"]
[White "Jaufarally, Nadia"]
[Black "Badescu, Eliza-Ioana"]
[Result "1-0"]
[WhiteElo "1944"]
[BlackElo "1832"]
[WhiteTeam "Wood Green Youth"]
[BlackTeam "xChess.AI"]
[WhiteFideId "443727"]
[BlackFideId "42214890"]
[EventDate "2025.06.11"]
[EventType "team"]

1. e4 c6 2. d4 d5 3. Nc3 dxe4 4. Nxe4 Nd7 5. Nf3 Ngf6 6. Ng3 g6 7. Be2 Bg7 8.
O-O O-O 9. c4 Nb6 10. Bf4 Bg4 11. Rc1 e6 12. h3 Bxf3 13. Bxf3 Qd7 14. Qd2 Rfd8
15. Rfd1 Ne8 16. Ne2 e5 17. dxe5 Qxd2 18. Rxd2 Rxd2 19. Bxd2 Bxe5 20. b3 Rd8 21.
Bc3 Bxc3 22. Nxc3 Nf6 23. Rd1 Rxd1+ 24. Nxd1 Kf8 25. Kf1 Ke7 26. Ke2 Kd6 27. Kd3
Kc5 28. Ne3 Nbd7 29. Kc3 Ne5 30. b4+ Kd6 31. c5+ Ke6 32. Kd4 Nfd7 33. Bd1 b6 34.
f4 bxc5+ 35. bxc5 Nxc5 36. fxe5 Nd7 37. Bb3+ Ke7 38. Ng4 c5+ 39. Ke4 h5 40. Nh6
f6 41. e6 Ne5 42. Ng8+ Kf8 43. Nxf6 Nc6 44. Nd7+ Ke7 45. Nxc5 a5 46. Nd3 a4 47.
Bxa4 Nd8 48. Bb3 Nxe6 49. Bxe6 Kxe6 50. Nf4+ Kf6 51. a4 g5 52. Nxh5+ Kg6 53. Ng3
Kf6 54. a5 Ke6 55. a6 Kd6 56. a7 Kc7 57. a8=Q Kd7 58. Qa6 Ke7 59. Ke5 Kf7 60.
Qf6+ Ke8 61. Qg7 Kd8 62. Kd6 Kc8 63. Qc7# 1-0

[Event "FIDE World Rapid Team"]
[Site "London ENG"]
[Date "2025.06.11"]
[Round "2.6"]
[White "Platschek, Luca"]
[Black "Camp, Imogen A L"]
[Result "1-0"]
[BlackTitle "WCM"]
[WhiteElo "1626"]
[BlackElo "1915"]
[WhiteTeam "xChess.AI"]
[BlackTeam "Wood Green Youth"]
[WhiteFideId "1289888"]
[BlackFideId "1802240"]
[EventDate "2025.06.11"]
[EventType "team"]

1. d4 d5 2. Nf3 Nf6 3. e3 e6 4. Bd3 Bd6 5. O-O O-O 6. Nbd2 c5 7. c3 Nc6 8. e4
dxe4 9. Nxe4 Nxe4 10. Bxe4 cxd4 11. Nxd4 Nxd4 12. Qxd4 Qc7 13. h3 Rd8 14. Qa4
Bd7 15. Qc2 h6 16. Be3 Bc6 17. Rfd1 b6 18. Rd2 Be7 19. Rad1 Rxd2 20. Rxd2 Rd8
21. Rxd8+ Bxd8 22. Qd3 Bxe4 23. Qxe4 Qd7 24. Qa8 Kh7 25. Qe4+ Kg8 26. Qg4 Kh7
27. Bd4 Bf6 28. Qe4+ Kg8 29. Bxf6 gxf6 30. Qe2 Qd5 31. b3 b5 32. Qe3 Qg5 33.
Qxa7 Qc1+ 34. Kh2 Kg7 35. Qd4 e5 36. Qe3 Qb2 37. Qg3+ Kf8 38. Qh4 Ke7 39. Qb4+
Ke6 40. Qxb5 Qxf2 41. Qc4+ Kf5 42. Qg4# 1-0

[Event "FIDE World Rapid Team"]
[Site "London ENG"]
[Date "2025.06.11"]
[Round "2.2"]
[White "Jacobsen, Mikkel Manosri"]
[Black "Madan, Augustin"]
[Result "0-1"]
[WhiteTitle "FM"]
[BlackTitle "IM"]
[WhiteElo "2223"]
[BlackElo "2259"]
[WhiteTeam "¡Ållez-Y Initiative!"]
[BlackTeam "Desert Penguins"]
[WhiteFideId "1444514"]
[BlackFideId "1210327"]
[EventDate "2025.06.11"]
[EventType "team"]

1. d4 d5 2. Nf3 Nf6 3. Bf4 c6 4. e3 Qb6 5. Qc1 Bf5 6. c4 e6 7. Nc3 Nbd7 8. Nh4
Bg6 9. Nxg6 hxg6 10. h3 dxc4 11. Bxc4 Nd5 12. Bg3 g5 13. O-O N7f6 14. Qc2 Qd8
15. e4 Nb6 16. Bb3 g4 17. hxg4 Nxg4 18. Qd2 Bd6 19. f4 Qf6 20. Bd1 Nc4 21. Qd3
Nxb2 22. Qd2 Nxd1 23. Qxd1 Qg6 24. Rf3 Qh5 25. Kf1 Qh1+ 26. Ke2 Qxg2+ 27. Bf2
Nxf2 28. Rxf2 Qg4+ 29. Rf3 Rh2+ 30. Kd3 Bxf4 31. Qf1 Rd2+ 32. Kc4 e5 33. d5 Qc8
34. Kb3 cxd5 35. Qb5+ Qc6 36. exd5 Qxb5+ 37. Nxb5 Rd8 38. Re1 g5 39. Rc3 Kf8 40.
Rc7 R2xd5 41. Rxb7 R5d7 42. Rxa7 Rxa7 43. Nxa7 Rb8+ 44. Kc4 Ra8 45. Nb5 Rxa2 46.
Nd6 Kg7 47. Rb1 Ra7 48. Kd5 Kg6 49. Rb6 Kh5 50. Nf5 Kg4 51. Nh6+ Kf3 52. Rf6 g4
53. Nxf7 Rd7+ 54. Ke6 Rxf7 55. Rxf7 g3 56. Rg7 g2 57. Kd5 Bg3 58. Rf7+ Ke2 0-1

[Event "FIDE World Rapid Team"]
[Site "London ENG"]
[Date "2025.06.11"]
[Round "2.3"]
[White "Bansal, Saahil"]
[Black "Muetsch, Annmarie"]
[Result "0-1"]
[BlackTitle "WIM"]
[WhiteElo "1979"]
[BlackElo "2271"]
[WhiteTeam "Desert Penguins"]
[BlackTeam "¡Ållez-Y Initiative!"]
[WhiteFideId "438316"]
[BlackFideId "12971367"]
[EventDate "2025.06.11"]
[EventType "team"]

1. d4 d6 2. c4 e5 3. dxe5 dxe5 4. Qxd8+ Kxd8 5. Nc3 Be6 6. e3 Nd7 7. Bd2 c6 8.
Nf3 f6 9. O-O-O a5 10. Ne4 Kc7 11. Bc3 Nh6 12. Bd3 Nf7 13. Kb1 Bb4 14. a3 Bxc3
15. Nxc3 Nc5 16. Be2 a4 17. Nd2 Nd6 18. f4 exf4 19. exf4 Rhe8 20. Rhe1 Bf7 21.
g4 Re3 22. Nf1 Re7 23. Ng3 Rae8 24. Rxd6 Kxd6 25. Nf5+ Kc7 26. Nxe7 Rxe7 27. Rd1
Re3 28. h4 Ne4 29. Nxe4 Rxe4 30. Bd3 Rxf4 31. Bf5 Be8 32. Re1 Kd8 33. Rd1+ Ke7
34. Re1+ Kf8 35. c5 g6 36. Be6 h5 37. gxh5 gxh5 38. Rd1 Rxh4 39. Bf5 Rf4 40. Bc2
Rc4 41. Rd8 Rxc5 42. Bxa4 b5 43. Bc2 Ke7 44. Rd3 h4 45. Re3+ Kd8 46. Rh3 Rh5 47.
b3 Bd7 48. Rh2 h3 49. a4 bxa4 50. bxa4 Rg5 51. Be4 Rg4 52. Bf3 Rxa4 53. Rd2 Kc7
54. Rh2 Rf4 55. Be2 Kd6 56. Kc2 Rd4 57. Bd3 c5 58. Rf2 Ke5 59. Kc3 Bg4 60. Ra2
Kf4 61. Ra5 h2 0-1